Mario Super Sluggers Character Roster - Statistics

General Stats
  • This quiz has been taken 65 times
    51 since last reset
  • The average score is 34 of 42
Answer Stats
Answer % Correct
Diddy Kong
97%
Donkey Kong
97%
Bowser
95%
Luigi
95%
Mario
95%
Yoshi
95%
Bowser Jr.
92%
Toad (Red)
92%
Wario
92%
Baby Luigi
89%
Baby Mario
89%
Baby Peach
89%
Daisy
89%
Birdo
86%
King K. Rool
86%
Peach
86%
Waluigi
86%
Baby Daisy
84%
Boo
84%
Dry Bones
84%
Funky Kong
84%
Hammer Bro.
84%
King Boo
84%
Koopa
84%
Kritter
81%
Toadette
81%
Dixie Kong
78%
Goomba
78%
Paratroopa
78%
Wiggler
78%
Pianta (Blue)
76%
Toadsworth
76%
Baby DK
73%
Paragoomba
73%
Magikoopa
70%
Noki (Blue)
68%
Petey Piranha
68%
Shy Guy
68%
Monty Mole
62%
Blooper
59%
Tiny Kong
59%
Mii
49%
No matching quizzes found
Score Distribution
Percent of People with Each Score
Percentile by Number Answered
Your Score History
You have not taken this quiz since the last reset